| 000 | 00981nam2a22002411 4500 | ||
|---|---|---|---|
| 001 | rc\4609590 | ||
| 005 | 20250612131740.0 | ||
| 021 |
_aRU _b[69-71989] |
||
| 035 | _a(NLR Aleph) 008670161 | ||
| 090 |
_a9115154 _c9115154 |
||
| 100 | _a20130416d1968 |||y0rusy50 ca | ||
| 101 | 0 | _arus | |
| 102 | _aRU | ||
| 105 | _aag z ||||| | ||
| 200 | 0 | _aВып. 1 | |
| 210 |
_d1968 _aБ. м. |
||
| 215 |
_a224 с. _cнот. ил. |
||
| 461 | 0 |
_1001rc\4609589 _12001#$aОчерки истории музыкальной культуры Узбекистана$e[Сборник статей$fПод общ. ред. М.С. Ковбаса]$vВып. 1 _99115150 _cТашкент _d1968 _fПод общ. ред. М.С. Ковбаса] _nУкитувчи _o[Сборник статей _tОчерки истории музыкальной культуры Узбекистана _vВып. 1 |
|
| 801 | 0 |
_aRU _bNLR _gpsbo |
|
| 801 | 1 |
_aRU _bELAR _2rusmarc |
|
| 852 |
_aNLR _j69-5/4391 |
||
| 942 | _cBOOK | ||
| 980 | _aNB | ||